France (Record no. 423)

MARC details
000 -LEADER
fixed length control field 00411nam a22001337a 4500
008 - FIXED-LENGTH DATA ELEMENTS--GENERAL INFORMATION
fixed length control field 230605b xxu||||| |||| 00| 0 eng d
020 ## - INTERNATIONAL STANDARD BOOK NUMBER
International Standard Book Number 9782110069634
082 ## - DEWEY DECIMAL CLASSIFICATION NUMBER
Classification number 327.94406
Item number FRA
110 ## - MAIN ENTRY--CORPORATE NAME
Date of meeting or treaty signing 2008
245 ## - TITLE STATEMENT
Title France
Remainder of title Ministry of Foreign and European Affairs
Statement of responsibility, etc. Ministry of Foreign and European Affairs
260 ## - PUBLICATION, DISTRIBUTION, ETC. (IMPRINT)
Place of publication, distribution, etc. France
Name of publisher, distributor, etc. Eiffage CEWVM / Foster & Partners / Jamme
Date of publication, distribution, etc. 2006
300 ## - PHYSICAL DESCRIPTION
Extent 155 p
942 ## - ADDED ENTRY ELEMENTS (KOHA)
Source of classification or shelving scheme Dewey Decimal Classification
Koha item type Books
Holdings
Withdrawn status Lost status Source of classification or shelving scheme Damaged status Not for loan Home library Current library Date acquired Total Checkouts Full call number Barcode Date last seen Price effective from Koha item type
    Dewey Decimal Classification     Bunge Tower Library Bunge Tower Library 06/05/2023   327.94406 FRA 10014628 06/05/2023 06/05/2023 Books
    Dewey Decimal Classification     Bunge Tower Library Bunge Tower Library 06/05/2023   327.94406 FRA 10014627 06/05/2023 06/05/2023 Books
LIBRARY OPENING HOURS

When the Parliament is sitting: 8.00a.m - 7.00p.m or until the house adjourns
Mondays and Fridays and when the House is on Recess:  8.00a.m - 5.00p.m
Closed on Weekends and Public Holidays

Online Public Access Catalog (OPAC)
Website: http://www.parliament.go.ke
Bunge Library: https://libraryir.parliament.go.ke
Contact: library@parliament.go.ke | Tel no: (254-2)2221291 or 2848000 Ext 5043